La utilidad de la noción de servicio público y la crisis del Estado de bienestar / (Record no. 143443)

MARC details
000 -LEADER
campo de control de longitud fija 00794nam a2200205 4500
001 - NÚMERO DE CONTROL
campo de control 143443
003 - IDENTIFICADOR DE NÚMERO DE CONTROL
campo de control ES-MaACL
005 - FECHA Y HORA DE LA ÚLTIMA TRANSACCIÓN
campo de control 20230906200820.0
007 - CAMPO FIJO DE DESCRIPCIÓN FÍSICA--INFORMACIÓN GENERAL
campo de control de longitud fija t|
008 - DATOS DE LONGITUD FIJA--INFORMACIÓN GENERAL
campo de control de longitud fija 070214s1983 sp r ||||1| spa d
100 1# - ENTRADA PRINCIPAL--NOMBRE DE PERSONA
Nombre de persona Serrano Triana, Adolfo.
9 (RLIN) 105806
245 13 - MENCIÓN DEL TÍTULO
Título La utilidad de la noción de servicio público y la crisis del Estado de bienestar /
Mención de responsabilidad, etc. Adolfo Serrano Triana.
250 ## - MENCION DE EDICION
Mención de edición 1ª ed.
260 ## - PUBLICACIÓN, DISTRIBUCIÓN, ETC.
Lugar de publicación, distribución, etc. Madrid :
Nombre del editor, distribuidor, etc. Ministerio de Trabajo y Seguridad Social,
Fecha de publicación, distribución, etc. 1983.
300 ## - DESCRIPCIÓN FÍSICA
Extensión 158 p. ;
Dimensiones 23 cm.
500 ## - NOTA GENERAL
Nota general Precede al tít.: Instituto de Estudios Laborales y de la Seguridad Social.
710 2# - ENTRADA AGREGADA--NOMBRE DE ENTIDAD CORPORATIVA
Nombre de entidad corporativa o nombre de jurisdicción como elemento de entrada Instituto de Estudios Laborales y de la Seguridad Social.
9 (RLIN) 4915
710 1# - ENTRADA AGREGADA--NOMBRE DE ENTIDAD CORPORATIVA
Nombre de entidad corporativa o nombre de jurisdicción como elemento de entrada España.
Unidad subordinada Ministerio de Trabajo y Seguridad Social.
9 (RLIN) 3936
852 ## - LOCALIZACIÓN
Ubicación ES-MaACL
Número de control de estantería L-7292
Sublocalización o colección R.107423
Holdings
Estatus retirado Estado de pérdida Estado de daño No para préstamo Biblioteca de origen Biblioteca actual Ubicación en estantería Fecha de adquisición Fuente de adquisición Total de préstamos Signatura topográfica completa Código de barras Visto por última vez Precio de reemplazo Tipo de ítem Koha
        Biblioteca del Ateneo de Madrid Biblioteca del Ateneo de Madrid Depósito 2 17/01/2008     L-7292 1149241 23/02/2023 23/02/2023 Libro impreso